[Event "Liechtenstein op 21st"]
[Site "Vaduz"]
[Date "2003.05.27"]
[Round "5"]
[White "Sinowjew, Juri"]
[Black "Straub, Peter"]
[Result "1/2-1/2"]
[WhiteElo "2310"]
[BlackElo "2123"]
[PlyCount "59"]
[EventDate "2003.05.23"]
[EventType "swiss"]
[EventRounds "5"]
[EventCountry "LIE"]
[SourceTitle "CBM 094 Extra"]
[Source "ChessBase"]
[SourceDate "2003.07.09"]
[SourceVersion "2"]
[SourceVersionDate "2003.07.09"]
[SourceQuality "1"]

1. e4 c5 2. Nf3 e6 3. d4 cxd4 4. Nxd4 a6 5. c4 Nf6 6. Bd3 Qc7 7. Nc3 d6 8. 0-0 Be7 9. Be3 0-0 10. Rc1 Nbd7 11. f4 Re8 12. b4 b6 13. Nb3 Bb7 14. a4 Rac8 15. a5 e5 16. f5 bxa5 17. Nxa5 Ba8 18. g4 Nc5 19. Nd5 Qd8 20. bxc5 Qxa5 21. g5 Nxd5 22. exd5 e4 23. Bb1 Rxc5 24. f6 Bf8 25. fxg7 Bxg7 26. Qh5 Rc7 27. Rf6 Qa3 28. Re1 Qc3 29. Re2 Bb7 30. Bb6 1/2-1/2

[Event "AUT-chT 0203"]
[Site "Austria"]
[Date "2002.12.06"]
[Round "2.1"]
[White "Sinowjew, Juri"]
[Black "Peterwagner, Heinz"]
[Result "1/2-1/2"]
[WhiteElo "2310"]
[BlackElo "2243"]
[PlyCount "29"]
[EventDate "2002.12.05"]
[EventType "team-tourn"]
[EventRounds "11"]
[EventCountry "AUT"]
[SourceTitle "CBM 091 ext"]
[Source "ChessBase"]
[SourceDate "2003.01.09"]
[SourceVersion "1"]
[SourceVersionDate "2003.01.09"]
[SourceQuality "1"]
[WhiteTeam "Hohenems"]
[BlackTeam "Salzburg Mozart"]
[WhiteTeamCountry "AUT"]
[BlackTeamCountry "AUT"]

1. e4 c5 2. Nf3 Nc6 3. d4 cxd4 4. Nxd4 Nf6 5. Nc3 e5 6. Ndb5 d6 7. Bg5 a6 8. Na3 b5 9. Nd5 Qa5+ 10. Bd2 Qd8 11. Nxf6+ Qxf6 12. Bd3 Qg6 13. 0-0 Be7 14. f4 exf4 15. e5 1/2-1/2

[Event "AUT-chT 9495"]
[Site "Austria"]
[Date "1995.??.??"]
[Round "?"]
[White "Cigan, Stefan"]
[Black "Sinowjew, Juri"]
[Result "1-0"]
[WhiteElo "2365"]
[BlackElo "2310"]
[PlyCount "81"]
[EventDate "1994.??.??"]
[EventType "team"]
[EventRounds "11"]
[EventCountry "AUT"]
[SourceTitle "CBM 045 Extra"]
[Source "ChessBase"]
[SourceDate "1995.05.01"]
[SourceVersion "1"]
[SourceVersionDate "1995.05.01"]
[SourceQuality "1"]

1. e4 c5 2. Nf3 e6 3. d4 cxd4 4. Nxd4 Nc6 5. Nc3 a6 6. f4 Qc7 7. Be2 d6 8. f5 Ne5 9. fxe6 fxe6 10. 0-0 Nf6 11. Bg5 Be7 12. Bxf6 Bxf6 13. Bh5+ Nf7 14. e5 dxe5 15. Ne4 exd4 16. Nxf6+ gxf6 17. Rxf6 Rf8 18. Qf3 Ra7 19. Rf1 b6 20. Qg4 Qc5 21. b4 Qxb4 22. Qg7 Kd8 23. Bxf7 Rd7 24. Qg5 Qc5 25. R6f5+ Qe7 26. Bxe6 Rxf5 27. Rxf5 Qxg5 28. Rxg5 Ke7 29. Bxd7 Bxd7 30. Rd5 Be6 31. Rxd4 Bxa2 32. Ra4 Bb1 33. Ra1 Bxc2 34. Rc1 Kd6 35. Rxc2 a5 36. Kf1 b5 37. Ke1 a4 38. Kd2 Kd5 39. Rc8 b4 40. Kd3 a3 41. Kc2 1-0

[Event "AUT-chT 9495"]
[Site "Austria"]
[Date "1995.??.??"]
[Round "?"]
[White "Hamberger, Hermann"]
[Black "Sinowjew, Juri"]
[Result "1/2-1/2"]
[WhiteElo "2130"]
[BlackElo "2325"]
[PlyCount "109"]
[EventDate "1994.??.??"]
[EventType "team"]
[EventRounds "11"]
[EventCountry "AUT"]
[SourceTitle "CBM 045 Extra"]
[Source "ChessBase"]
[SourceDate "1995.05.01"]
[SourceVersion "1"]
[SourceVersionDate "1995.05.01"]
[SourceQuality "1"]

1. e4 c5 2. Nf3 e6 3. b3 d6 4. Bb2 Nf6 5. Nc3 Be7 6. g3 0-0 7. Bg2 Nc6 8. d4 cxd4 9. Nxd4 Bd7 10. 0-0 Nxd4 11. Qxd4 b5 12. e5 dxe5 13. Qxe5 Rc8 14. Ne4 Rxc2 15. Rac1 Rc6 16. Rcd1 Rc7 17. Rc1 Ne8 18. Rfd1 Rxc1 19. Rxc1 Qb6 20. Qd4 Qxd4 21. Bxd4 a5 22. Bc5 Bxc5 23. Rxc5 Nf6 24. Nc3 b4 25. Na4 Rc8 26. Rxc8+ Bxc8 27. Nb6 Bd7 28. Nc4 a4 29. Ne5 axb3 30. axb3 Bb5 31. Bf1 Be8 32. Bc4 Ne4 33. Nd3 Nd6 34. Nxb4 Nxc4 35. bxc4 Kf8 36. Kf1 Ke7 37. Ke2 Kd6 38. Nd3 e5 39. Ke3 f5 40. f3 Bf7 41. f4 e4 42. Ne5 Be6 43. Kd4 g6 44. g4 fxg4 45. c5+ Ke7 46. Kxe4 Bf5+ 47. Ke3 h5 48. Kf2 h4 49. Nc4 Kd7 50. Ne3 Kc6 51. Ng2 h3 52. Ne3 Kxc5 53. Kg3 Kd4 54. Nxg4 Bxg4 55. Kxg4 1/2-1/2

[Event "AUT-chT 9495"]
[Site "Austria"]
[Date "1995.??.??"]
[Round "?"]
[White "Posch, Werner"]
[Black "Sinowjew, Juri"]
[Result "1/2-1/2"]
[WhiteElo "2180"]
[BlackElo "2310"]
[PlyCount "78"]
[EventDate "1994.??.??"]
[EventType "team"]
[EventRounds "11"]
[EventCountry "AUT"]
[SourceTitle "CBM 045 Extra"]
[Source "ChessBase"]
[SourceDate "1995.05.01"]
[SourceVersion "1"]
[SourceVersionDate "1995.05.01"]
[SourceQuality "1"]

1. e4 c5 2. Nc3 Nc6 3. g3 g6 4. Bg2 Bg7 5. d3 d6 6. f4 f5 7. Nf3 Nf6 8. 0-0 0-0 9. h3 Kh8 10. Kh2 Be6 11. Be3 Bg8 12. Re1 Qd7 13. Qd2 b6 14. e5 dxe5 15. Nxe5 Nxe5 16. fxe5 Nd5 17. Nxd5 Bxd5 18. Bf4 Qb7 19. a4 a6 20. b3 Rac8 21. Rad1 Rfd8 22. Bxd5 Qxd5 23. h4 Rc6 24. h5 Kg8 25. h6 Bh8 26. Qe3 Kf7 27. Re2 Re6 28. Ree1 Rg8 29. d4 cxd4 30. Rxd4 Qc5 31. Qd2 Bxe5 32. Bxe5 Rxe5 33. b4 Qc7 34. Rd7 Qb8 35. Qc3 Rxe1 36. Qxe1 Qe8 37. Qd2 g5 38. Qd5+ Kg6 39. Qe6+ Kh5 1/2-1/2

[Event "AUT-ch"]
[Site "Voitsberg"]
[Date "1995.??.??"]
[Round "13"]
[White "Sinowjew, Juri"]
[Black "Loebler, Heimo"]
[Result "1/2-1/2"]
[WhiteElo "2320"]
[BlackElo "2250"]
[PlyCount "137"]
[EventDate "1995.??.??"]
[EventType "tourn"]
[EventRounds "15"]
[EventCountry "AUT"]
[EventCategory "5"]
[SourceTitle "CBM 049 Extra"]
[Source "ChessBase"]
[SourceDate "1996.01.01"]
[SourceVersion "1"]
[SourceVersionDate "1996.01.01"]
[SourceQuality "1"]

1. e4 c5 2. Nf3 Nc6 3. d4 cxd4 4. Nxd4 Nf6 5. Nc3 d6 6. Be2 e5 7. Nf3 h6 8. 0-0 Be7 9. Re1 0-0 10. h3 Be6 11. Bf1 Nb8 12. a4 Nbd7 13. a5 a6 14. Nd5 Nxd5 15. exd5 Bf5 16. b4 Rc8 17. c4 Bg6 18. Nd2 Re8 19. Ba3 Bg5 20. Ne4 Bxe4 21. Rxe4 f5 22. Re1 Kh8 23. Ra2 e4 24. Qb3 Bh4 25. Bc1 Ne5 26. Be3 Qf6 27. Bb6 Qg6 28. Rd1 f4 29. Kh1 Qh5 30. c5 Nd7 31. c6 Nxb6 32. axb6 f3 33. g4 Qe5 34. c7 Bf6 35. b5 axb5 36. Bxb5 Rf8 37. Bd7 h5 38. Rda1 Qg5 39. Qe3 Qh4 40. gxh5 Bg5 41. Qd4 Bf6 42. Qe3 Bg5 43. Qb3 e3 44. Qa4 e2 45. Qxh4 Bxh4 46. Bxc8 Rxc8 47. Kg1 Bf6 48. Rc1 Bc3 49. Ra7 Re8 50. h4 Kh7 51. Rxb7 Bd2 52. Rb1 Bf4 53. Re1 Bd2 54. Kh2 Bxe1 55. Rb8 Rxb8 56. cxb8Q Bxf2 57. Qe8 Bxb6 58. Qe4+ Kh8 59. Kg3 Ba5 60. Kf2 e1Q+ 61. Qxe1 Bxe1+ 62. Kxe1 Kh7 63. Kf2 Kh6 64. Kxf3 Kxh5 65. Kg3 g5 66. hxg5 Kxg5 67. Kf3 Kf5 68. Ke3 Ke5 69. Kd2 1/2-1/2

[Event "AUT-ch"]
[Site "Voitsberg"]
[Date "1995.??.??"]
[Round "8"]
[White "Sinowjew, Juri"]
[Black "Robatsch, Karl"]
[Result "0-1"]
[WhiteElo "2320"]
[BlackElo "2390"]
[PlyCount "48"]
[EventDate "1995.??.??"]
[EventType "tourn"]
[EventRounds "15"]
[EventCountry "AUT"]
[EventCategory "5"]
[SourceTitle "CBM 049 Extra"]
[Source "ChessBase"]
[SourceDate "1996.01.01"]
[SourceVersion "1"]
[SourceVersionDate "1996.01.01"]
[SourceQuality "1"]

1. e4 c5 2. Nf3 d6 3. d4 cxd4 4. Nxd4 Nf6 5. Nc3 Nc6 6. Be2 g6 7. 0-0 Nxd4 8. Qxd4 Bg7 9. Bg5 0-0 10. Qd2 Be6 11. Kh1 Rc8 12. Bd3 d5 13. e5 d4 14. Nd1 Nd7 15. f4 Nc5 16. f5 Bxf5 17. Bxf5 gxf5 18. Rxf5 Ne4 19. Qe2 Nxg5 20. Rxg5 f6 21. exf6 exf6 22. Rg3 Re8 23. Qd2 Rxc2 24. Qb4 Qb6 0-1

[Event "AUT-ch"]
[Site "Voitsberg"]
[Date "1995.??.??"]
[Round "14"]
[White "Sommerbauer, Norbert"]
[Black "Sinowjew, Juri"]
[Result "1/2-1/2"]
[WhiteElo "2385"]
[BlackElo "2320"]
[PlyCount "74"]
[EventDate "1995.??.??"]
[EventType "tourn"]
[EventRounds "15"]
[EventCountry "AUT"]
[EventCategory "5"]
[SourceTitle "CBM 049 Extra"]
[Source "ChessBase"]
[SourceDate "1996.01.01"]
[SourceVersion "1"]
[SourceVersionDate "1996.01.01"]
[SourceQuality "1"]

1. d4 g6 2. c4 Bg7 3. Nc3 d6 4. e4 Nf6 5. Nf3 0-0 6. h3 e5 7. dxe5 dxe5 8. Qxd8 Rxd8 9. Bg5 Nbd7 10. 0-0-0 Rf8 11. Nd5 c6 12. Ne7+ Kh8 13. Be3 Re8 14. Nxc8 Rexc8 15. Bd3 Bf8 16. Bc2 Re8 17. Rhe1 a5 18. g4 Nc5 19. Bd2 Nfd7 20. Bc3 f6 21. Re2 Bh6+ 22. Kb1 Nf8 23. h4 Nfe6 24. g5 Nf4 25. Red2 Bg7 26. b3 fxg5 27. hxg5 b5 28. cxb5 cxb5 29. b4 axb4 30. Bxb4 Nce6 31. Bd6 Nh3 32. Rd5 Nxf2 33. R1d2 Nh3 34. Bxe5 Bxe5 35. Rxe5 b4 36. Rd7 Nf8 37. Rde7 Red8 1/2-1/2

[Event "AUT-chT 9495"]
[Site "Austria"]
[Date "1995.??.??"]
[Round "?"]
[White "Winiwarter, Felix"]
[Black "Sinowjew, Juri"]
[Result "0-1"]
[WhiteElo "2200"]
[BlackElo "2310"]
[PlyCount "65"]
[EventDate "1994.??.??"]
[EventType "team"]
[EventRounds "11"]
[EventCountry "AUT"]
[SourceTitle "CBM 045 Extra"]
[Source "ChessBase"]
[SourceDate "1995.05.01"]
[SourceVersion "1"]
[SourceVersionDate "1995.05.01"]
[SourceQuality "1"]

1. e4 c5 2. Nf3 e6 3. d4 cxd4 4. Nxd4 Nc6 5. Be2 Nf6 6. Nc3 Qc7 7. Be3 a6 8. 0-0 Be7 9. f4 d6 10. Qe1 0-0 11. Qg3 Nxd4 12. Bxd4 b5 13. e5 dxe5 14. Bxe5 Qc5+ 15. Kh1 Bb7 16. Bd3 g6 17. Rae1 b4 18. Na4 Qc6 19. b3 Rad8 20. Nb2 Nh5 21. Qh3 f6 22. Be4 Qc8 23. Bxb7 Qxb7 24. Nd3 fxe5 25. Qxe6+ Kh8 26. fxe5 Ng7 27. Qc4 Nf5 28. Rf4 Rc8 29. Qe6 Rxc2 30. Rf2 Rxf2 31. Nxf2 Nd4 32. Qg4 Rxf2 33. Kg1 0-1

[Event "AUT-ch"]
[Site "Austria"]
[Date "1994.??.??"]
[Round "8"]
[White "Raubal, Martin"]
[Black "Sinowjew, Juri"]
[Result "1/2-1/2"]
[WhiteElo "2185"]
[BlackElo "2325"]
[PlyCount "48"]
[EventDate "1994.??.??"]
[EventType "swiss"]
[EventRounds "9"]
[EventCountry "AUT"]
[SourceTitle "EXT 1999"]
[Source "ChessBase"]
[SourceDate "1998.11.16"]
[SourceVersion "1"]
[SourceVersionDate "1998.11.16"]
[SourceQuality "1"]

1. e4 c5 2. c3 e6 3. d4 d5 4. exd5 exd5 5. Be3 c4 6. b3 cxb3 7. axb3 Nc6 8. Nf3 Bd6 9. Bd3 Nge7 10. 0-0 Bf5 11. c4 0-0 12. Nc3 Nb4 13. Bxf5 Nxf5 14. Qd2 a5 15. Nb5 Be7 16. Bf4 Nd6 17. Nxd6 Bxd6 18. Bxd6 Qxd6 19. c5 Qa6 20. Ne5 Qb5 21. Rad1 b6 22. cxb6 Rfb8 23. Rc1 Rxb6 24. Rc5 Qa6 1/2-1/2

[Event "AUT-ch"]
[Site "Austria"]
[Date "1994.??.??"]
[Round "7"]
[White "Sinowjew, Juri"]
[Black "Nickl, Klaus"]
[Result "1-0"]
[WhiteElo "2325"]
[BlackElo "2185"]
[PlyCount "75"]
[EventDate "1994.??.??"]
[EventType "swiss"]
[EventRounds "9"]
[EventCountry "AUT"]
[SourceTitle "EXT 1999"]
[Source "ChessBase"]
[SourceDate "1998.11.16"]
[SourceVersion "1"]
[SourceVersionDate "1998.11.16"]
[SourceQuality "1"]

1. e4 e5 2. Nf3 Nc6 3. Bb5 a6 4. Ba4 Nf6 5. 0-0 Be7 6. Re1 b5 7. Bb3 d6 8. c3 0-0 9. h3 Na5 10. Bc2 c5 11. d4 Qc7 12. Nbd2 Nc6 13. d5 Nd8 14. a4 Rb8 15. axb5 axb5 16. b4 c4 17. Nf1 Ne8 18. N3h2 f6 19. f4 exf4 20. Bxf4 Nf7 21. Nf3 Ne5 22. Nd4 g6 23. Ra5 Bd7 24. Ne6 Bxe6 25. dxe6 Qc8 26. Bh6 Ng7 27. Qd5 Qc6 28. Ra7 Rfe8 29. Rea1 Qc8 30. Rd7 Qc6 31. Ne3 f5 32. Raa7 Qxd5 33. Nxd5 Nxd7 34. exd7 Bh4 35. dxe8Q+ Nxe8 36. exf5 Nf6 37. Ne7+ Kh8 38. fxg6 1-0

[Event "AUT-ch"]
[Site "Austria"]
[Date "1994.??.??"]
[Round "2"]
[White "Stuhlik, Marko"]
[Black "Sinowjew, Juri"]
[Result "1/2-1/2"]
[WhiteElo "2230"]
[BlackElo "2325"]
[PlyCount "58"]
[EventDate "1994.??.??"]
[EventType "swiss"]
[EventRounds "9"]
[EventCountry "AUT"]
[SourceTitle "EXT 1999"]
[Source "ChessBase"]
[SourceDate "1998.11.16"]
[SourceVersion "1"]
[SourceVersionDate "1998.11.16"]
[SourceQuality "1"]

1. Nf3 g6 2. c4 Bg7 3. Nc3 d6 4. g3 e5 5. d4 exd4 6. Nxd4 Nc6 7. Nxc6 bxc6 8. Bg2 Ne7 9. 0-0 0-0 10. Qa4 Bd7 11. c5 d5 12. e4 d4 13. Ne2 Bg4 14. f3 Bxf3 15. Bxf3 d3 16. Be3 dxe2 17. Bxe2 Bxb2 18. Rad1 Qc8 19. Bh6 Bg7 20. Bxg7 Kxg7 21. Rf6 Kxf6 22. Qd4+ Kg5 23. Qg7 Qh3 24. Bf1 Qe6 25. h4+ Kg4 26. Kh2 Qxa2+ 27. Bg2 Qf2 28. Rd3 Rad8 29. Rf3 Qd2 1/2-1/2

[Event "Budapest FS12 GM"]
[Site "Budapest"]
[Date "1993.??.??"]
[Round "5"]
[White "Lengyel, Bela"]
[Black "Sinowjew, Juri"]
[Result "1-0"]
[WhiteElo "2420"]
[BlackElo "2350"]
[PlyCount "61"]
[EventDate "1993.12.??"]
[EventType "tourn"]
[EventRounds "13"]
[EventCountry "HUN"]
[EventCategory "6"]
[SourceTitle "EXT 1997"]
[Source "ChessBase"]
[SourceDate "1996.11.15"]
[SourceVersion "1"]
[SourceVersionDate "1996.11.15"]
[SourceQuality "1"]

1. e4 c5 2. Nf3 e6 3. Be2 Nc6 4. 0-0 Nf6 5. Nc3 Be7 6. d4 cxd4 7. Nxd4 d6 8. Kh1 0-0 9. f4 Qc7 10. Bf3 a6 11. Be3 Bd7 12. Qd2 Nxd4 13. Bxd4 Bc6 14. Rad1 Nd7 15. Be3 Rfd8 16. Qf2 b5 17. f5 Bf6 18. fxe6 fxe6 19. Bg4 Re8 20. Qg3 Ne5 21. Rxf6 gxf6 22. Bxe6+ Kh8 23. Bf5 Qg7 24. Qh3 Nf7 25. Bd4 Ng5 26. Qh4 Re7 27. Rf1 Rf8 28. Rf4 b4 29. Rg4 h6 30. Ne2 Rfe8 31. Rxg5 1-0

[Event "Budapest FS12 GM"]
[Site "Budapest"]
[Date "1993.??.??"]
[Round "7"]
[White "Loginov, Valery A"]
[Black "Sinowjew, Juri"]
[Result "1/2-1/2"]
[WhiteElo "2505"]
[BlackElo "2350"]
[PlyCount "102"]
[EventDate "1993.12.??"]
[EventType "tourn"]
[EventRounds "13"]
[EventCountry "HUN"]
[EventCategory "6"]
[SourceTitle "EXT 1997"]
[Source "ChessBase"]
[SourceDate "1996.11.15"]
[SourceVersion "1"]
[SourceVersionDate "1996.11.15"]
[SourceQuality "1"]

1. Nf3 g6 2. e4 Bg7 3. d4 d6 4. Be2 Nf6 5. Nc3 0-0 6. 0-0 Nbd7 7. a4 e5 8. a5 exd4 9. Nxd4 Re8 10. f3 Nf8 11. Nb3 c6 12. Kh1 d5 13. exd5 Nxd5 14. Nxd5 Qxd5 15. Qxd5 cxd5 16. Bd3 Bf5 17. Bxf5 gxf5 18. c3 Re2 19. Bd2 Ne6 20. Rad1 d4 21. Nc1 Re5 22. cxd4 Nxd4 23. Bc3 Rd5 24. Ne2 Rad8 25. Nf4 R5d6 26. Nh5 Bh8 27. g4 Nc6 28. Rxd6 Rxd6 29. Bxh8 Kxh8 30. Re1 Re6 31. Rd1 fxg4 32. fxg4 h6 33. b4 a6 34. Rd7 Re7 35. Rxe7 Nxe7 36. Nf6 Nc6 37. Nd5 Kh7 38. Kg2 Kg6 39. Kg3 f5 40. Kf4 fxg4 41. Kxg4 Ne5+ 42. Kf4 Nc6 43. Ke4 Kg5 44. Kd3 h5 45. Kc4 h4 46. Kc5 Kg4 47. Kb6 Kh3 48. Kxb7 Nxb4 49. Nxb4 Kxh2 50. Nxa6 h3 51. Nc5 Kg2 1/2-1/2

[Event "AUT-chT"]
[Site "Austria"]
[Date "1993.??.??"]
[Round "?"]
[White "Reichmann, Egon"]
[Black "Sinowjew, Juri"]
[Result "0-1"]
[WhiteElo "2295"]
[BlackElo "2375"]
[PlyCount "108"]
[EventDate "1993.??.??"]
[EventType "team"]
[EventRounds "11"]
[EventCountry "AUT"]
[SourceTitle "TD"]
[Source "ChessBase"]
[SourceDate "1994.03.01"]
[SourceVersion "1"]
[SourceVersionDate "1994.03.01"]
[SourceQuality "1"]

1. e4 c5 2. Nf3 e6 3. d4 cxd4 4. Nxd4 Nc6 5. Nc3 a6 6. Nxc6 bxc6 7. Bd3 d5 8. 0-0 Nf6 9. Re1 Be7 10. e5 Nd7 11. Qg4 g6 12. Bh6 Rb8 13. Qh3 Rb4 14. g3 Bf8 15. Bxf8 Kxf8 16. Qh6+ Kg8 17. b3 Qf8 18. Qd2 Kg7 19. Na4 Rb8 20. c4 f6 21. exf6+ Qxf6 22. Qe2 e5 23. Qb2 Bb7 24. Rad1 Rhd8 25. Bf1 e4 26. Qxf6+ Kxf6 27. Bg2 a5 28. cxd5 cxd5 29. f3 exf3 30. Bxf3 Ne5 31. Rf1 Ke7 32. Nc5 Bc6 33. Nd3 Nxf3+ 34. Rxf3 Rf8 35. Re3+ Kd6 36. Nf4 g5 37. Ne2 Rbe8 38. Rxe8 Rxe8 39. Kf2 Bd7 40. Nc3 Re5 41. Rd2 Kc5 42. Nd1 Bg4 43. Ne3 Be6 44. a3 Re4 45. Nc2 d4 46. Rd3 Bd7 47. Rd1 Bb5 48. Re1 Kd5 49. a4 Bd3 50. Rxe4 Bxe4 51. Na3 Kc5 52. Nc4 Kb4 53. Ke2 Bc2 54. Nd2 Kc3 0-1

[Event "AUT-chT"]
[Site "Austria"]
[Date "1993.??.??"]
[Round "?"]
[White "Sinowjew, Juri"]
[Black "Zoebisch, Herbert"]
[Result "1/2-1/2"]
[WhiteElo "2380"]
[BlackElo "2215"]
[PlyCount "47"]
[EventDate "1993.??.??"]
[EventType "team"]
[EventRounds "11"]
[EventCountry "AUT"]
[SourceTitle "TD"]
[Source "ChessBase"]
[SourceDate "1994.03.01"]
[SourceVersion "1"]
[SourceVersionDate "1994.03.01"]
[SourceQuality "1"]

1. e4 e5 2. Nf3 Nc6 3. Bb5 a6 4. Ba4 Nf6 5. 0-0 Be7 6. Re1 b5 7. Bb3 d6 8. c3 0-0 9. d3 Na5 10. Bc2 c5 11. Nbd2 Re8 12. Nf1 h6 13. Ng3 Bf8 14. d4 Bg4 15. h3 Bxf3 16. Qxf3 cxd4 17. cxd4 Rc8 18. Bd3 Nc6 19. Nf5 Nxd4 20. Nxd4 exd4 21. b3 Nd7 22. Bb2 Ne5 23. Qd1 Qb6 24. f4 1/2-1/2

[Event "AUT-chT"]
[Site "Austria"]
[Date "1993.??.??"]
[Round "?"]
[White "Stanec, Nikolaus"]
[Black "Sinowjew, Juri"]
[Result "1-0"]
[WhiteElo "2425"]
[BlackElo "2375"]
[PlyCount "57"]
[EventDate "1993.??.??"]
[EventType "team"]
[EventRounds "11"]
[EventCountry "AUT"]
[SourceTitle "TD"]
[Source "ChessBase"]
[SourceDate "1994.03.01"]
[SourceVersion "1"]
[SourceVersionDate "1994.03.01"]
[SourceQuality "1"]

1. e4 c5 2. Nf3 e6 3. d4 cxd4 4. Nxd4 Nc6 5. Nc3 a6 6. Nxc6 bxc6 7. e5 Qc7 8. f4 d5 9. exd6 Bxd6 10. Ne4 Be7 11. Bd3 Nh6 12. 0-0 Nf5 13. Qe2 0-0 14. b3 a5 15. Bb2 a4 16. g4 Qb6+ 17. Rf2 Nh4 18. g5 Rd8 19. Qg4 Nf5 20. Re1 axb3 21. axb3 Kh8 22. Qh5 Kg8 23. Bf6 Qa7 24. Bxe7 Nxe7 25. Nf6+ gxf6 26. Qxh7+ Kf8 27. gxf6 Qd4 28. Qh8+ Ng8 29. Qg7+ 1-0

[Event "AUT-chT"]
[Site "Austria"]
[Date "1992.??.??"]
[Round "?"]
[White "Duer, Werner"]
[Black "Sinowjew, Juri"]
[Result "1-0"]
[WhiteElo "2275"]
[BlackElo "2310"]
[PlyCount "112"]
[EventDate "1992.??.??"]
[EventType "team"]
[EventRounds "11"]
[EventCountry "AUT"]
[SourceTitle "EXT 1997"]
[Source "ChessBase"]
[SourceDate "1996.11.15"]
[SourceVersion "1"]
[SourceVersionDate "1996.11.15"]
[SourceQuality "1"]

1. d4 Nf6 2. c3 g6 3. Bg5 Bg7 4. Nd2 d5 5. e3 0-0 6. f4 b6 7. Bd3 Ba6 8. Bc2 c5 9. Qf3 cxd4 10. exd4 Nc6 11. Ne2 Qc7 12. Bd3 Bxd3 13. Qxd3 e6 14. a4 Na5 15. Bxf6 Bxf6 16. 0-0 Nc4 17. Nxc4 dxc4 18. Qf3 Rab8 19. Ng3 Rfd8 20. Ne4 Be7 21. Qe2 Rd5 22. Nd2 Rc8 23. Rf3 Bd6 24. Raf1 Ra5 25. g4 h5 26. h3 hxg4 27. hxg4 Rxa4 28. f5 exf5 29. gxf5 Ra5 30. Ne4 Rxf5 31. Rxf5 gxf5 32. Rxf5 Kf8 33. Ng5 Qe7 34. Rxf7+ Qxf7 35. Nxf7 Kxf7 36. Qh5+ Ke7 37. Qh7+ Kd8 38. Qxa7 Rc6 39. Qb7 Rc8 40. Qxb6+ Kd7 41. Qb7+ Rc7 42. Qd5 Rc8 43. Qf7+ Kd8 44. Kf2 Rb8 45. Qxc4 Rxb2+ 46. Ke3 Rh2 47. Qe6 Kc7 48. c4 Rc2 49. Kd3 Rc1 50. Qf7+ Kc6 51. Qd5+ Kc7 52. Qa5+ Kc6 53. Qa6+ Kd7 54. Ke4 Rc3 55. Kd5 Be7 56. Qb5+ Kc8 1-0

[Event "Dortmund op-A"]
[Site "Dortmund"]
[Date "1992.??.??"]
[Round "5"]
[White "Krasenkow, Michal"]
[Black "Sinowjew, Juri"]
[Result "0-1"]
[WhiteElo "2495"]
[BlackElo "2310"]
[PlyCount "72"]
[EventDate "1992.04.??"]
[EventType "swiss"]
[EventRounds "11"]
[EventCountry "GER"]
[SourceTitle "CBM 029"]
[Source "ChessBase"]
[SourceDate "1992.08.01"]
[SourceVersion "1"]
[SourceVersionDate "1992.08.01"]
[SourceQuality "1"]

1. d4 Nf6 2. c4 g6 3. Nc3 Bg7 4. e4 d6 5. Nf3 0-0 6. h3 e5 7. d5 Na6 8. Bg5 Qe8 9. g4 Nd7 10. Rg1 Kh8 11. Qd2 Ndc5 12. 0-0-0 Bd7 13. Kb1 f6 14. Be3 Rg8 15. Be2 f5 16. gxf5 gxf5 17. Nh4 fxe4 18. Bg4 Qf7 19. Qe2 Bf6 20. Bh5 Qe7 21. Ng6+ hxg6 22. Bxg6 Rg7 23. b4 Nd3 24. Qh5+ Kg8 25. Bh7+ Kf8 26. Bxe4 Rxg1 27. Rxg1 Nf4 28. Qf3 Kf7 29. Qg3 Rh8 30. a3 Ke8 31. Bc2 Rxh3 32. Qg8+ Qf8 33. Bxf4 Qxg8 34. Rxg8+ Kf7 35. Ra8 exf4 36. Nb5 Bxb5 0-1

[Event "AUT-ch sf"]
[Site "Hartberg"]
[Date "1992.??.??"]
[Round "?"]
[White "Kummer, Helmut"]
[Black "Sinowjew, Juri"]
[Result "1/2-1/2"]
[WhiteElo "2240"]
[BlackElo "2310"]
[PlyCount "92"]
[EventDate "1992.??.??"]
[EventType "swiss"]
[EventRounds "9"]
[EventCountry "AUT"]
[SourceTitle "EXT 2002"]
[Source "ChessBase"]
[SourceDate "2001.11.25"]
[SourceVersion "1"]
[SourceVersionDate "2001.11.25"]
[SourceQuality "1"]

1. d4 Nf6 2. c4 g6 3. Nc3 Bg7 4. e4 d6 5. Be2 0-0 6. Bg5 Nbd7 7. Nf3 h6 8. Bh4 g5 9. Bg3 Nh5 10. Qd2 e6 11. d5 exd5 12. exd5 Nc5 13. 0-0 f5 14. Nd4 Nxg3 15. hxg3 a5 16. Rae1 f4 17. gxf4 Rxf4 18. Ndb5 Be5 19. g3 Rf6 20. Kg2 Rf7 21. Qd1 Qf6 22. Bh5 Rg7 23. Re3 Bf5 24. Bg4 Rf8 25. Bxf5 Qxf5 26. Rf3 Qxf3+ 27. Qxf3 Rxf3 28. Kxf3 c6 29. Na7 cxd5 30. cxd5 Nd3 31. Nab5 Nxb2 32. Ne4 g4+ 33. Kg2 Rd7 34. Rh1 Kh7 35. Rh4 Nd3 36. Rxg4 Nb4 37. f4 Bg7 38. Nbxd6 Nxd5 39. Kf3 Nf6 40. Rh4 Nxe4 41. Nxe4 Kg6 42. f5+ Kf7 43. a4 Bf8 44. g4 Rd4 45. Rh1 Rd3+ 46. Kf4 Bd6+ 1/2-1/2

[Event "AUT-ch sf"]
[Site "Hartberg"]
[Date "1992.??.??"]
[Round "?"]
[White "Schumi, Manfred"]
[Black "Sinowjew, Juri"]
[Result "1-0"]
[WhiteElo "2245"]
[BlackElo "2310"]
[PlyCount "113"]
[EventDate "1992.??.??"]
[EventType "swiss"]
[EventRounds "9"]
[EventCountry "AUT"]
[SourceTitle "EXT 2002"]
[Source "ChessBase"]
[SourceDate "2001.11.25"]
[SourceVersion "1"]
[SourceVersionDate "2001.11.25"]
[SourceQuality "1"]

1. e4 c5 2. Nf3 e6 3. d4 cxd4 4. Nxd4 Nc6 5. Nc3 a6 6. g3 Qc7 7. Bg2 d6 8. 0-0 Bd7 9. a4 Nf6 10. Nb3 b6 11. f4 Be7 12. Kh1 0-0 13. g4 Bc8 14. g5 Nd7 15. Be3 Rb8 16. Qh5 g6 17. Qh6 f6 18. Qh3 Nc5 19. f5 fxg5 20. fxg6 hxg6 21. Qh6 Bf6 22. Bxg5 Qg7 23. Qh4 Bxg5 24. Rxf8+ Kxf8 25. Qxg5 Nxb3 26. cxb3 Bd7 27. e5 Nxe5 28. Ne4 Nf7 29. Rf1 Ke8 30. Nf6+ Kd8 31. Qh4 g5 32. Qd4 d5 33. Bxd5 exd5 34. Qxd5 Ne5 35. Qxe5 Bc6+ 36. Kg1 Qc7 37. Qxg5 Kc8 38. Nd5 Qd7 39. Ne7+ Kb7 40. Nxc6 Qxc6 41. Rf7+ Ka8 42. Qg2 Rc8 43. Qxc6+ Rxc6 44. h4 Rh6 45. Rf4 Kb7 46. Kg2 Kc6 47. Kg3 Kd5 48. Kg4 Rg6+ 49. Kf5 Rg2 50. h5 Rxb2 51. h6 Rxb3 52. h7 Rh3 53. Kg6 Ke6 54. Rf6+ Ke7 55. Rf5 Rxh7 56. Kxh7 Kd6 57. a5 1-0